| 000 | 00742nam a22002657a 4500 | ||
|---|---|---|---|
| 001 | 6161 | ||
| 003 | FISKH | ||
| 005 | 20250620092040.0 | ||
| 008 | 250321b cb ||||| |||| 00| 0 eng d | ||
| 020 | _a9780439697101 | ||
| 040 |
_aFISKH _beng _cFISKH _dFISKH |
||
| 050 | _aPZ7 | ||
| 082 | _a704.9 | ||
| 100 | _aBlevins, Wiley | ||
| 245 |
_aAnimals in art / _cby Wiley Blevins |
||
| 260 |
_aNew York : _bScholastic, _c2004. |
||
| 300 |
_apages : _bcolor illustrations ; _c26 cm |
||
| 505 | _aD | ||
| 520 | _aSimple text and illustrations examines the depiction of animals in Asian art. | ||
| 521 | 8 |
_a160
_bLexile estimate |
|
| 521 | 8 |
_aD
_bRaz-Plus |
|
| 650 |
_aArt _vAnimals |
||
| 942 |
_2ddc _cBK _n0 |
||
| 999 |
_c6161 _d6161 |
||